Australian Super Netball League Teams - Statistics

General Stats
  • This quiz has been taken 310 times
  • The average score is 7 of 8
Answer Stats
City Team % Correct
Queensland _____ Firebirds
90%
New South Wales ____ Swifts
90%
Adelaide ____ Thunderbirds
90%
Melbourne ____ Vixens
90%
West Coast ____ Fever
89%
Collingwood ____ Magpies
89%
Sunshine Coast ____ Lightning
87%
____ Netball Giants
82%
No matching quizzes found
Score Distribution
Percent of People with Each Score
Percentile by Number Answered
Your Score History
You have not taken this quiz